00593nam a2200145 i 450000100060000000300090000600500170001500700030003200800410003510000430007624502070011926000520032630000460037885200230042464658ES-MaACL20250911063535.0t|031230s1920 sp ||||1| spa d1 aSampaio, Albino Forjaz de, d1884-194910aSubsídios para a história do teatro português b: teatro de cordel (catálogo da colecção do autor) / cpublicado por ordem da Academia das Sciências de Lisboa por Albino Forjaz de Sampaio. aLisboa : b[s.n.], c1920 (fImprensa Nacional) a108, [1] p., 12 lám. : bil. ; c23 cm. aES-MaACLj1631-F-3